Company Law (Record no. 13238)

MARC details
000 -LEADER
fixed length control field 00405nam a22001697a 4500
003 - CONTROL NUMBER IDENTIFIER
control field OSt
008 - FIXED-LENGTH DATA ELEMENTS--GENERAL INFORMATION
fixed length control field 250403b |||||||| |||| 00| 0 eng d
020 ## - INTERNATIONAL STANDARD BOOK NUMBER
International Standard Book Number 9789364557993
082 ## - DEWEY DECIMAL CLASSIFICATION NUMBER
Classification number 346.066 KUC
100 ## - MAIN ENTRY--PERSONAL NAME
Personal name KUMAR, Anil
245 ## - TITLE STATEMENT
Title Company Law
250 ## - EDITION STATEMENT
Edition statement 14th. ed.,
260 ## - PUBLICATION, DISTRIBUTION, ETC. (IMPRINT)
Place of publication, distribution, etc New Delhi,
Name of publisher, distributor, etc Taxmann's Publications Pvt. Ltd.
Date of publication, distribution, etc 2025,
300 ## - PHYSICAL DESCRIPTION
Extent 283 p.
650 ## - SUBJECT ADDED ENTRY--TOPICAL TERM
Topical term or geographic name as entry element Commerce
942 ## - ADDED ENTRY ELEMENTS (KOHA)
Source of classification or shelving scheme Dewey Decimal Classification
Koha item type Text Books
Holdings
Withdrawn status Lost status Source of classification or shelving scheme Damaged status Not for loan Collection code Home library Current library Date acquired Source of acquisition Currency Cost, normal purchase price Bill Number Total Checkouts Full call number Acc. no. / Barcode Date last seen Actual Cost, discounted price Bill Date Koha item type Checked out Date last borrowed
    Dewey Decimal Classification     B.Com. Hons PIET NCR College Library PIET NCR College Library 28/03/2025 Zafaa Books & Distributers In Rupees 475.00 ZBD0583   346.066 KUC N3838 03/04/2025 332.50 28/03/2025 Reference Books    
    Dewey Decimal Classification     B.Com. Hons PIET NCR College Library PIET NCR College Library 28/03/2025 Zafaa Books & Distributers In Rupees 475.00 ZBD0583 2 346.066 KUC N3839 18/05/2026 332.50 28/03/2025 Text Books 01/06/2026 18/05/2026

Design & Developed by: PIET Central Library
R70 Miles Stone Pattikalyana Samalkha Panipat 132102
mail ID :- [email protected], Phone No:- 0180-2569700 Ex.216